Pakistan from Mountains to Sea (Record no. 10985)

000 -LEADER
fixed length control field 00409 a2200145 4500
020 ## - INTERNATIONAL STANDARD BOOK NUMBER
International Standard Book Number 1874041253
082 ## - DEWEY DECIMAL CLASSIFICATION NUMBER
Classification number 954.9142
090 ## - LOCALLY ASSIGNED LC-TYPE CALL NUMBER (OCLC); LOCAL CALL NUMBER (RLIN)
-- 7182
-- 7182
100 ## - MAIN ENTRY--PERSONAL NAME
Personal name Amin, Mohamed
245 ## - TITLE STATEMENT
Title Pakistan from Mountains to Sea
Statement of responsibility, etc. Amin, Mohamed
260 ## - PUBLICATION, DISTRIBUTION, ETC.
Place of publication, distribution, etc. Nairobi, Kenya
Name of publisher, distributor, etc. Camerapix Publishers International
Date of publication, distribution, etc. 1994
300 ## - PHYSICAL DESCRIPTION
Extent 256
Other physical details ;ill.
Dimensions 32 cm.
650 ## - SUBJECT ADDED ENTRY--TOPICAL TERM
Topical term or geographic name entry element i. Pakistan-Pictorial Works
942 ## - ADDED ENTRY ELEMENTS (KOHA)
Koha item type Book
Call number prefix 954.9142 AMI
Holdings
Withdrawn status Lost status Damaged status Not for loan Permanent Location Current Location Date acquired Full call number Barcode Date last seen Price effective from Koha item type
        Central Library (CL) Central Library (CL) 08/25/2021 954.9142 AMI SEECSD00531 11/14/2012 11/14/2012 Reference
© 2023 Central Library, National University of Sciences and Technology. All Rights Reserved.